[Event "Challenge"]
[Site "http://www.queenalice.com/game.php?id=473321"]
[Date "2008.10.5"]
[Round "-"]
[White "fusiger"]
[Black "Araujo"]
[Result "0-1"]
[WhiteElo "1820"]
[BlackElo "1500"]

1. e4 e6 2. d4 d5 3. exd5 exd5 4. Bd3 Nc6 5. c3 Bd6 6. Qf3 Nge7 7. Ne2 Nb8 8.
Bf4 O-O 9. O-O c6 10. Nd2 Re8 11. Bxd6 Qxd6 12. Rfe1 Nd7 13. Ng3 Nf6 14. Re3 Bg4
0-1

[Event "Challenge"]
[Site "http://www.queenalice.com/game.php?id=499187"]
[Date "2008.11.27"]
[Round "-"]
[White "arvo1938"]
[Black "Araujo"]
[Result "0-1"]
[WhiteElo "1900"]
[BlackElo "1988"]

1. e4 e6 2. d4 d5 3. Nd2 Nf6 4. e5 Nfd7 5. Ngf3 c5 6. c3 Nc6 7. Bb5 Qb6 8. Bxc6
Qxc6 9. O-O cxd4 10. cxd4 b6 11. b3 Ba6 12. Re1 Bb4 13. Bb2 O-O 14. a3 Be7 15.
Rc1 Qb7 16. Nb1 Rac8 17. Qd2 f6 18. Nc3 fxe5 19. Nxe5 Nxe5 20. dxe5 Bc5 21. Nd1
Rf7 22. b4 Be7 23. Rxc8+ Qxc8 24. Ne3 Bb7 25. f4 Qa8 26. Rf1 Bc6 27. f5 Bd7 28.
fxe6 Rxf1+ 29. Nxf1 Bxe6 30. a4 Qc6 31. h3 Qxa4 32. Bc3 Qb3 33. Qb2 Qxb2 34.
Bxb2 Bxb4 35. Kf2 Kf7 36. g4 Bd7 37. Ke3 Ke6 38. Kf4 Bb5 39. Ng3 Bd2+ 40. Kf3 g6
41. h4 Bd3 42. h5 a5 43. hxg6 hxg6 44. Ne2 Bxe2+ 45. Kxe2 Bf4 0-1

[Event "AUTO-ADV-1132"]
[Site "http://www.queenalice.com/game.php?id=502470"]
[Date "2008.12.4"]
[Round "1"]
[White "glennedy"]
[Black "Araujo"]
[Result "0-1"]
[WhiteElo "1831"]
[BlackElo "1958"]

1. d4 d5 2. c4 e6 3. Nc3 Nf6 4. Nf3 Be7 5. g3 Nbd7 6. cxd5 Nxd5 7. Bd2 N7f6 8.
Qc2 O-O 9. Bg2 b6 10. e4 Nb4 11. Qb1 Ba6 12. Ne5 Qxd4 13. Nf3 Nd3+ 14. Kd1 Qxf2
15. Nh4 Nb4 16. e5 Rad8 17. Qc1 Ng4 18. Re1 Nd3 19. Qb1 Nxe1 20. Ne4 Rxd2+ 21.
Nxd2 Rd8 22. Qc1 Qe2# 0-1

[Event "AUTO-ADV-1132"]
[Site "http://www.queenalice.com/game.php?id=502471"]
[Date "2008.12.4"]
[Round "1"]
[White "Araujo"]
[Black "glennedy"]
[Result "0-1"]
[WhiteElo "2047"]
[BlackElo "1831"]

1. e4 e5 2. Nf3 d6 3. Bc4 Bg4 4. Nc3 Nc6 5. Bb5 a6 6. Bxc6+ bxc6 7. d3 Nf6 8.
Bg5 Be7 9. O-O O-O 10. Nb1 d5 11. Nbd2 Re8 12. Re1 Nh5 13. Bxe7 Qxe7 14. h3 Bxf3
15. Qxf3 Qg5 16. Rad1 Nf4 17. c3 f5 18. exd5 cxd5 19. b3 e4 20. dxe4 fxe4 21.
Qg3 Qxg3 22. fxg3 Nd3 23. Re3 Re6 24. c4 c6 25. cxd5 cxd5 26. a3 Rae8 0-1

[Event "AUTO-ADV-1132"]
[Site "http://www.queenalice.com/game.php?id=502484"]
[Date "2008.12.4"]
[Round "1"]
[White "Poirot"]
[Black "Araujo"]
[Result "0-1"]
[WhiteElo "1703"]
[BlackElo "1911"]

1. e4 e6 2. d4 d5 3. e5 c5 4. c3 Nc6 5. Nf3 Bd7 6. Bd3 Qb6 7. dxc5 Bxc5 8. O-O
Rc8 9. b4 Be7 10. b5 Na5 11. Be3 Bc5 12. Bxc5 Rxc5 13. Nbd2 Rxc3 14. Qb1 Ne7 15.
Bxh7 Qxb5 16. a4 Qxb1 17. Bxb1 O-O 18. Ba2 Bxa4 19. Bxd5 Nxd5 20. Rxa4 Nc6 21.
h3 Rc2 22. Ne4 Nc3 23. Nxc3 Rxc3 24. Nd2 Rd8 25. Nc4 b5 26. Ra3 Rxc4 27. Rg3
Rcd4 28. f4 Rd1 29. Rxd1 Rxd1+ 30. Kh2 a5 31. Rc3 Nd4 32. Rc8+ Kh7 33. Rc5 a4
34. Rc7 a3 35. Rxf7 a2 36. Re7 a1=Q 37. f5 Nxf5 0-1

[Event "AUTO-ADV-1132"]
[Site "http://www.queenalice.com/game.php?id=502485"]
[Date "2008.12.4"]
[Round "1"]
[White "Araujo"]
[Black "Poirot"]
[Result "1-0"]
[WhiteElo "1939"]
[BlackElo "1691"]

1. e4 e5 2. Nf3 Nc6 3. Bb5 d6 4. d4 Nf6 5. d5 a6 6. Bxc6+ bxc6 7. dxc6 Nxe4 8.
O-O Qf6 9. Re1 Nc5 10. Bg5 Qe6 11. Rxe5 Be7 12. Rxe6 Nxe6 13. Bxe7 Kxe7 14. Qe2
Re8 15. Ng5 Kf8 16. Nxe6+ Bxe6 17. Qh5 h6 18. Nc3 Rab8 19. b3 Rb4 20. Nd5 Bxd5
21. Qxd5 Rbe4 22. Kf1 R4e5 23. Qd3 g6 24. Qxa6 h5 25. Qb7 1-0

[Event "AUTO-ADV-1132"]
[Site "http://www.queenalice.com/game.php?id=502494"]
[Date "2008.12.4"]
[Round "1"]
[White "Araujo"]
[Black "lelinho"]
[Result "1/2-1/2"]
[WhiteElo "2000"]
[BlackElo "2017"]

1. e4 c5 2. Nf3 d6 3. d4 cxd4 4. Nxd4 Nc6 5. Nc3 g6 6. Be3 Bg7 7. Qd2 Nf6 8.
O-O-O O-O 9. f3 Bd7 10. g4 Rc8 11. h4 Ne5 12. Be2 Nc4 13. Bxc4 Rxc4 14. h5 Qa5
15. hxg6 fxg6 16. Bh6 Rxd4 17. Qxd4 Bxh6+ 18. Rxh6 Be6 19. Kb1 Rc8 20. Nd5 Bxd5
21. exd5 Rc5 22. c4 b5 23. Qe3 Qc7 24. cxb5 Rxb5 25. Rh2 a5 26. Qe6+ Kf8 27. Rc1
Rc5 28. Rxc5 dxc5 29. Rd2 Qf4 30. Rd3 Qc4 31. Rd2 Qf1+ 32. Kc2 Qc4+ 33. Kd1 Qf1+
34. Qe1 Qxf3+ 35. Kc1 Qxg4 36. Rf2 Qc4+ 37. Kb1 Qxd5 38. a3 Kf7 39. Qxa5 h5 40.
Qc7 h4 41. Rc2 Ne4 42. Qf4+ Ke8 43. Ka1 g5 44. Qe3 Qd4 45. Qe1 Ng3 46. Rc1 Nf5
47. Qe6 Qf6 48. Qc8+ Kf7 49. Rf1 e6 50. Qxc5 g4 51. Qc4 g3 52. Qg4 Qh6 53. a4
Ke7 54. Qb4+ Kf6 55. Qg4 Qg5 56. Qd4+ Kg6 57. Qe4 g2 58. Qxe6+ Kh5 59. Rxf5
g1=Q+ 60. Ka2 Qxf5 61. Qxf5+ Qg5 62. Qf3+ Kh6 63. b3 Qg3 64. Qf6+ Kh5 65. Qf5+
Qg5 66. Qf3+ Qg4 1/2-1/2

[Event "AUTO-ADV-1132"]
[Site "http://www.queenalice.com/game.php?id=502495"]
[Date "2008.12.4"]
[Round "1"]
[White "lelinho"]
[Black "Araujo"]
[Result "0-1"]
[WhiteElo "1926"]
[BlackElo "2019"]

1. e4 e6 2. Nf3 d5 3. Nc3 Nf6 4. e5 Nfd7 5. d4 c5 6. Bb5 cxd4 7. Qxd4 a6 8. Be2
Bc5 9. Qg4 g6 10. Bg5 Qb6 11. Nd1 O-O 12. h4 Bb4+ 13. c3 Bc5 14. h5 Nc6 15. Bf6
Nxf6 16. exf6 Bxf2+ 17. Nxf2 Qxb2 18. hxg6 Qxc3+ 19. Nd2 Qxa1+ 20. Bd1 fxg6 21.
Qh4 Qe5+ 22. Be2 Rf7 23. Ng4 Qa1+ 24. Bd1 Kf8 25. Nf3 e5 26. O-O Bxg4 27. Qxg4
Rxf6 28. Qh4 e4 29. Qxh7 Rf7 30. Qh8+ Qxh8 0-1

[Event "AUTO-MASTER-839"]
[Site "http://www.queenalice.com/game.php?id=610782"]
[Date "2009.6.29"]
[Round "1"]
[White "Araujo"]
[Black "pomar"]
[Result "0-1"]
[WhiteElo "2010"]
[BlackElo "2067"]

1. e4 e6 2. d4 d5 3. exd5 exd5 4. Nf3 Bd6 5. Bd3 Ne7 6. O-O Bg4 7. Re1 Nc6 8. c3
Qd7 9. Nbd2 O-O-O 10. b4 h5 11. Qa4 a6 12. b5 Na7 13. Rb1 Kb8 14. Qa5 axb5 15.
Bxb5 Nxb5 16. Rxb5 Nc6 17. Qa4 Na7 18. Ra5 Qxa4 19. Rxa4 Rhe8 20. h3 Bd7 21. Ba3
Rxe1+ 22. Nxe1 Bxa4 23. Bc1 Re8 24. Nef3 Nb5 25. c4 Nxd4 26. Bb2 Nxf3+ 27. Nxf3
dxc4 28. Bxg7 Re2 0-1

[Event "AUTO-MASTER-839"]
[Site "http://www.queenalice.com/game.php?id=610783"]
[Date "2009.6.29"]
[Round "1"]
[White "pomar"]
[Black "Araujo"]
[Result "0-1"]
[WhiteElo "1911"]
[BlackElo "2001"]

1. f3 e6 2. Kf2 d5 3. e3 Nf6 4. c4 Be7 5. d4 O-O 6. Qb3 Nc6 7. cxd5 Nxd5 8. Bd2
Bh4+ 9. g3 Be7 10. Bh3 b6 11. Ne2 Bb7 12. a3 e5 13. Nbc3 Nf6 14. dxe5 Nxe5 15.
Bg2 Qxd2 16. Rhd1 Nfg4+ 17. fxg4 Nxg4+ 0-1

[Event "AUTO-MASTER-839"]
[Site "http://www.queenalice.com/game.php?id=610784"]
[Date "2009.6.29"]
[Round "1"]
[White "Araujo"]
[Black "DEIMOS"]
[Result "1-0"]
[WhiteElo "1992"]
[BlackElo "2262"]

1. e4 d6 2. d4 Nf6 3. Nc3 g6 4. Be3 Bg7 5. f3 c6 6. Qd2 b5 7. g4 Nbd7 8. O-O-O
Bb7 9. h4 h6 10. g5 hxg5 11. Bxg5 a6 12. Bh3 c5 13. Nge2 Qa5 14. a3 Nb6 15. dxc5
dxc5 16. Qf4 b4 17. Qc7 bxc3 18. Nxc3 Nc4 19. Bd7+ Nxd7 20. Qxd7+ Kf8 21. Qxe7+
Kg8 22. Qxb7 Bxc3 23. bxc3 Qxa3+ 24. Kb1 Kg7 25. Bf4 Qxc3 26. Qb3 Qf6 27. Bg3
Na5 28. Qb2 Qxb2+ 29. Kxb2 Rhd8 30. Kc3 f6 31. Rxd8 1-0

[Event "AUTO-MASTER-839"]
[Site "http://www.queenalice.com/game.php?id=610785"]
[Date "2009.6.29"]
[Round "1"]
[White "DEIMOS"]
[Black "Araujo"]
[Result "1-0"]
[WhiteElo "2253"]
[BlackElo "2019"]

1. Nf3 d5 2. c4 c6 3. g3 Bg4 4. Bg2 e6 5. Ne5 h5 6. cxd5 exd5 7. d4 Nd7 8. Nxg4
hxg4 9. e4 dxe4 10. Bxe4 Ngf6 11. Bg2 Qa5+ 12. Nc3 Bd6 13. Qb3 O-O-O 14. Be3
Rde8 15. O-O-O Rhf8 16. Kb1 Nh5 17. Rc1 Kb8 18. Bxc6 Qc7 19. Nb5 Qc8 20. Nxd6
1-0

[Event "AUTO-MASTER-839"]
[Site "http://www.queenalice.com/game.php?id=610786"]
[Date "2009.6.29"]
[Round "1"]
[White "Araujo"]
[Black "RIVAS"]
[Result "1-0"]
[WhiteElo "2061"]
[BlackElo "2050"]

1. e4 e5 2. Nf3 Nc6 3. Bc4 Nf6 4. Ng5 d5 5. exd5 Na5 6. Bb5+ c6 7. dxc6 Nxc6 8.
Bxc6+ bxc6 9. d3 Bg4 10. f3 Bh5 11. Nc3 Bc5 12. Nge4 Nxe4 13. Nxe4 Bb6 14. Qe2
O-O 15. Be3 Re8 16. O-O f5 17. Nc3 Bxe3+ 18. Qxe3 Qb6 19. Qxb6 axb6 20. f4 e4
21. dxe4 fxe4 22. Rae1 e3 23. h3 Rad8 24. g4 Bf7 25. Rf3 Rd2 26. Rfxe3 Rxe3 27.
Rxe3 Rxc2 28. b3 Kf8 29. Kf1 Rd2 30. Ke1 Rd8 31. Ne4 Bd5 32. Ng5 h6 33. Ne6+
Bxe6 34. Rxe6 Re8 35. Rxe8+ Kxe8 36. Kd2 Kd7 37. Kd3 Kd6 38. Kd4 c5+ 39. Kc4 1-0

[Event "AUTO-MASTER-839"]
[Site "http://www.queenalice.com/game.php?id=610787"]
[Date "2009.6.29"]
[Round "1"]
[White "RIVAS"]
[Black "Araujo"]
[Result "1/2-1/2"]
[WhiteElo "1974"]
[BlackElo "2065"]

1. e4 e6 2. d4 d5 3. Nc3 Bb4 4. e5 c5 5. a3 Bxc3+ 6. bxc3 Ne7 7. Nf3 Bd7 8. Be2
Nbc6 9. O-O Rc8 10. dxc5 Ng6 11. c4 dxc4 12. Qd6 h6 13. Bxc4 Qe7 14. Bb2 Ncxe5
15. Bxe5 Rxc5 16. Qxe7+ Kxe7 17. Bxg7 Rh7 18. Bxe6 Rxg7 19. Bxd7 Kxd7 20. Rfd1+
Kc7 21. Rd2 Rc3 22. a4 Nf4 23. Nh4 Rh3 24. g3 Rxh4 25. Kh1 Rhg4 26. gxf4 Rxf4
27. Ra3 Re4 28. Rc3+ Kb6 29. Rg3 Rxg3 30. hxg3 1/2-1/2

[Event "AUTO-ADV-1132"]
[Site "http://www.queenalice.com/game.php?id=627436"]
[Date "2009.7.30"]
[Round "2"]
[White "krystek23"]
[Black "Araujo"]
[Result "1-0"]
[WhiteElo "2107"]
[BlackElo "2031"]

1. c4 e5 2. Nc3 Nc6 3. e3 Nf6 4. Nf3 Bb4 5. Qc2 O-O 6. Be2 d6 7. O-O Bg4 8. a3
Bxc3 9. dxc3 Qd7 10. e4 h6 11. h3 Be6 12. b4 a5 13. Be3 b6 14. Rfd1 Qe7 15. Nh4
Ng4 16. Nf5 Bxf5 17. exf5 Nxe3 18. fxe3 e4 19. b5 Nb8 20. Rd4 Re8 21. f6 Qxf6
22. Rxe4 Nd7 23. Rf1 Qg5 24. Rf5 Qg3 25. Rf3 Qe1+ 26. Rf1 Qg3 27. Rf3 Qg6 28.
Bd3 Qh5 29. Rf5 Qg6 30. Rxe8+ Rxe8 31. Re5 f5 32. Bxf5 Qf7 33. Bg6 Nxe5 34.
Bxf7+ Nxf7 35. Qf5 Ne5 36. Qf4 Rf8 37. Qd4 Nd7 38. Qd5+ Rf7 39. Qa8+ Kh7 40. Qe8
Kg6 41. Qe4+ Kf6 42. Qf3+ Kg6 43. Qe4+ Kf6 44. Qf3+ Kg6 45. Qe4+ Kf6 46. h4 Nc5
47. Qd4+ Ke7 48. Qd5 Kf8 49. Qa8+ Ke7 50. g4 Na4 51. Qc8 Kf6 52. Qe8 g5 53. Qh8+
Kg6 54. h5# 1-0

[Event "AUTO-ADV-1132"]
[Site "http://www.queenalice.com/game.php?id=627437"]
[Date "2009.7.30"]
[Round "2"]
[White "Araujo"]
[Black "krystek23"]
[Result "0-1"]
[WhiteElo "2078"]
[BlackElo "1967"]

1. e4 c5 2. Nf3 Nc6 3. d4 cxd4 4. Nxd4 e6 5. Nc3 Nf6 6. Ndb5 d6 7. Bf4 Be7 8.
Be2 a6 9. Nxd6+ Bxd6 10. Bxd6 e5 11. O-O Be6 12. Bc5 Qc7 13. Nd5 Bxd5 14. exd5
Ne7 15. Bxe7 Qxe7 16. c4 Rd8 17. Qc2 O-O 18. Rfe1 b5 19. b3 Rfe8 20. Bf3 Qc5 21.
Rac1 h6 22. Qc3 e4 23. Bd1 Rc8 24. Re3 b4 25. Qd2 Nxd5 26. Rg3 e3 27. Qc2 exf2+
0-1

[Event "AUTO-ADV-1132"]
[Site "http://www.queenalice.com/game.php?id=627440"]
[Date "2009.7.30"]
[Round "2"]
[White "lelinho"]
[Black "Araujo"]
[Result "0-1"]
[WhiteElo "2066"]
[BlackElo "2046"]

1. e4 e6 2. d4 d5 3. Nc3 Bb4 4. Bd2 Ne7 5. Nf3 O-O 6. e5 Bd7 7. a3 Bxc3 8. Bxc3
Ng6 9. h4 b6 10. b4 c5 11. bxc5 bxc5 12. Be2 Nf4 13. O-O a6 14. g3 Nxe2+ 15.
Qxe2 Bb5 16. Qe3 Bxf1 17. Rxf1 cxd4 18. Bxd4 Nc6 19. Bc3 Rc8 20. Nd4 Qc7 21. Rc1
Qxe5 22. Nxc6 Qxe3 23. Ne7+ Kh8 24. Bxg7+ Kxg7 25. fxe3 Rc7 0-1

[Event "AUTO-ADV-1132"]
[Site "http://www.queenalice.com/game.php?id=627441"]
[Date "2009.7.30"]
[Round "2"]
[White "Araujo"]
[Black "lelinho"]
[Result "1-0"]
[WhiteElo "2025"]
[BlackElo "2066"]

1. e4 c5 2. Nf3 d6 3. d4 cxd4 4. Nxd4 Nf6 5. Nc3 Nc6 6. Bg5 e6 7. Qd2 Be7 8.
O-O-O O-O 9. f4 Qb6 10. Nxc6 bxc6 11. e5 Rb8 12. b3 dxe5 13. fxe5 Ba3+ 14. Kb1
Nd5 15. Ne4 a5 16. Bd3 a4 17. Rhf1 axb3 18. cxb3 Rd8 19. Bxd8 1-0

[Event "Heaven vs Hell 3"]
[Site "http://www.queenalice.com/game.php?id=778784"]
[Date "2010.5.21"]
[Round "1"]
[White "Araujo"]
[Black "anmarton"]
[Result "0-1"]
[WhiteElo "2057"]
[BlackElo "2158"]

1. e4 c5 2. Nf3 Nc6 3. d4 cxd4 4. Nxd4 Nf6 5. Nc3 d6 6. Bg5 e5 7. Ndb5 a6 8.
Bxf6 gxf6 9. Na3 b5 10. Nd5 f5 11. Bd3 Be6 12. Qd2 h5 13. g3 Nd4 14. O-O-O Rc8
15. Qb4 h4 16. Kb1 fxe4 17. Bxe4 a5 0-1